Introduction the physical metallurgy of welding, 2/e (Record no. 273485)

000 -LEADER
fixed length control field 00266 a2200109 4500
001 - CONTROL NUMBER
control field 38412
090 ## - LOCALLY ASSIGNED LC-TYPE CALL NUMBER (OCLC); LOCAL CALL NUMBER (RLIN)
-- 24398
-- 24398
100 ## - MAIN ENTRY--PERSONAL NAME
Personal name Easterling K
245 ## - TITLE STATEMENT
Title Introduction the physical metallurgy of welding, 2/e
250 ## - EDITION STATEMENT
Edition statement 2
260 ## - PUBLICATION, DISTRIBUTION, ETC.
Place of publication, distribution, etc. G Br
Name of publisher, distributor, etc. Butter worth Heinemann
Date of publication, distribution, etc. 1992
942 ## - ADDED ENTRY ELEMENTS (KOHA)
Institution code [OBSOLETE] NUST-CAE
Holdings
Withdrawn status Lost status Damaged status Not for loan Collection code Permanent Location Current Location Date acquired Total Checkouts Barcode Date last seen Price effective from Koha item type
          College of Aeronautical Engineering (CAE) College of Aeronautical Engineering (CAE) 04/03/2017   CAE68841 04/05/2017 04/05/2017 Book
© 2023 Central Library, National University of Sciences and Technology. All Rights Reserved.